Word Ladder: Chick Flick Quiz Stats

 Plays Quiz Updated Jan 16, 2016

Challenge
Share
Tweet
Embed
Score 0/35 Timer 04:00
8 Plays Today
Hint 5-Letter Word % Correct
♥ Inspired by Austen's ____ & Prejudice ♥♥ PRIDE ♥
96.2%
First place medalsGOLDS
94.4%
'May the _____ be with you'FORCE
94.1%
♥ Chick Flick: Bridget ____ [last rung] ♥♥ JONES ♥
93.7%
Makes text darker/strongerBOLDS
93.1%
Mark given for a school courseGRADE
92.7%
People who have finished college (abbr.)GRADS
92.4%
Barry who holds the MLB HR recordBONDS
90.4%
Month after FebruaryMARCH
90.3%
TV show about a Forensic AnthropologistBONES
89.6%
Urges forward as with a prodGOADS
88.5%
When a baby emerges into the worldBIRTH
87.7%
To make a harsh grating sound (archaic)GRIDE
84.8%
Annual horse race (as in Kentucky)DERBY
84.1%
Absurdly comedic situationFARCE
83.5%
Famous Silk Road traveller, PoloMARCO
83.4%
Resting place for a birdPERCH
82.1%
To make very dryPARCH
81.6%
Hint 5-Letter Word % Correct
♥ Actor Colin interviewed in the original book ♥♥ FIRTH ♥
80.8%
Capital of Western AustraliaPERTH
80.3%
Place to keep a ship on waterBERTH
79.5%
♥ Chick Flick: Bridget [first rung] ____♥ DIARY ♥
75.9%
(Go) onward or forwardFORTH
74.1%
Term of endearmentDEARY
72%
Personal strong pointFORTE
70.7%
'Wishing Well' singer Terence Trent ___DARBY
69.2%
City of Northern Ireland (short form)DERRY
65.2%
To force apart with a leverPRISE
62.8%
No longer in fashionPASSÉ
59.6%
Composure; grace under pressurePOISE
58.3%
Deputised temporary police forcePOSSE
58.1%
♥ In film, Colin plays both Mr. and Mark ____♥ DARCY ♥
56.8%
First NYC crime boss to turn federal witnessD'ARCO
52.4%
Analyze sentence syntaxPARSE
46.8%
Vernacular paraphrase in a Latin liturgyFARSE
45.1%

Today's Daily Dose

You're not logged in!

Compare scores with friends on all Sporcle quizzes.
Join for Free
OR
Log In

You Might Also Like...

Show Comments

Extras

Top Quizzes Today


Score Distribution

Your Account Isn't Verified!

In order to create a playlist on Sporcle, you need to verify the email address you used during registration. Go to your Sporcle Settings to finish the process.

Report this User

Report this user for behavior that violates our Community Guidelines.

Details: